| 000 | 01685cam a22001934a 4500 | ||
|---|---|---|---|
| 005 | 20250605163635.0 | ||
| 008 | 250528s ||||||||||||||||||||||||d | ||
| 035 | _a23263 | ||
| 020 | _a9786185062026 | ||
| 040 |
_aGR-AtMCL _bgre _dGR-AtMCL _eAACR2 |
||
| 245 | 1 | _aΤουριστικό Μάρκετινγκ / Στη Θεωρία και την Πράξη | |
| 260 |
_bΦαίδιμος, _c2019 |
||
| 300 | _a536 | ||
| 520 | _aΠρόλογος, Εισαγωγή στο Σύγχρονο Μάρκετινγκ, Η Εφαρμογή του Μάρκετινγκ στον Τουρισμό, Ο Προγραμματισμός του Τουριστικού Μάρκετινγκ, Η Έρευνα Τουριστικού Μάρκετινγκ, Η Ανάλυση της Αγοραστικής Συμπεριφοράς του Τουρίστα, Η Τουριστική Αγορά, Το Τουριστικό Προϊόν, Η Τιμολόγηση του Τουριστικού Προϊόντος, Η Διανομή των Τουριστικών Προϊόντων, Η Προώθηση των Τουριστικών Προϊόντων, Η Διαφήμιση στον Τουρισμό, Οι Δημόσιες Σχέσεις στον Τουρισμό, Οι Προσωπικές Πωλήσεις στον Τουρισμό, Η Προώθηση Πωλήσεων στον Τουρισμό, Ο Έλεγχος του Τουριστικού Μάρκετινγκ, Επίλογος και Συμπεράσματα, Βιβλιογραφία, Ευρετήριο Συγγραφέων και Θεμάτων. | ||
| 700 | 1 | _aΗγουμενάκης Νίκος Γ | |
| 942 | _cBK | ||
| 999 |
_c8292 _d8292 |
||